000
00304nam a22001337a 4500
008
170907b xxu||||| |||| 00| 0 eng d
020
_a
9780801827433
041
_a
eng
080
_a
72
100
_a
41
101
_a
ARK
245
_a
THE AMERICAN RAILROAD PASSENGER CAR
_c
WHITE, J.H
942
_2
udc
_c
BK
999
_c
26451
_d
26451